| Tag |
First Indicator |
Second Indicator |
Subfields |
| LEADER |
00000cam a2200000Ia 4500 |
| 001 |
in00002313021 |
| 005 |
20190326193640.0 |
| 006 |
m | d | |
| 007 |
cr |n||||||||n |
| 008 |
900110s1791 sz sb 000 0 ger d |
| 040 |
|
|
|a NYG
|c GKS
|d OCL
|d Thomson Gale
|d UtOrBLW
|
| 041 |
1 |
|
|a ger
|h fre
|
| 245 |
0 |
0 |
|a Handbuch für den Staatsmann, oder, Analise der vorzüglichsten französischen und ausländischen Werke über Politik, Gesetzgebung, Finanzen, Polizei, Ackerbau, Handlung, Natur- und Staatsrecht :
|b aus dem französischen der Herren Condorcet, Peysonel, Chapelier und andrer Gelehrten.
|
| 264 |
|
1 |
|a Zürich :
|b Orell, Gessner, Füssli u. Comp.,
|c 1791.
|
| 300 |
|
|
|a 2 volumes
|
| 336 |
|
|
|a text
|b txt
|2 rdacontent
|
| 337 |
|
|
|a computer
|b c
|2 rdamedia
|
| 338 |
|
|
|a online resource
|b cr
|2 rdacarrier
|
| 500 |
|
|
|a Reproduction of original from Goldsmiths' Library, University of London.
|
| 500 |
|
|
|a Goldsmiths'-Kress number 15015.
|
| 504 |
|
|
|a Includes bibliographical references.
|
| 510 |
4 |
|
|a OCLC,
|c 20868229
|
| 533 |
|
|
|a Electronic reproduction.
|b Farmington Hills, Mich. :
|c Thomson Gale,
|d 2005.
|f (The making of the modern world).
|n Available via the World Wide Web.
|n Access limited to licensing agreements.
|7 s2005 miunns
|
| 500 |
|
|
|a Electronic resource.
|
| 650 |
|
0 |
|a Political science
|v Handbooks, manuals, etc.
|
| 650 |
|
0 |
|a Economics
|v Handbooks, manuals, etc.
|
| 655 |
|
0 |
|a Electronic books.
|
| 740 |
0 |
|
|a Analise der vorzüglichsten französischen und ausländischen Werke über Politik, Gesetzgebung, Finanzen, Polizei, Ackerbau, Handlung, Natur- und Staatsrecht.
|
| 830 |
|
0 |
|a Making of the modern world (Goldsmiths'-Kress Library of Economic Literature)
|
| 856 |
4 |
0 |
|u http://proxy.library.tamu.edu/login?url=http://galenet.galegroup.com/servlet/MOME?af=RN&ae=U109944439&srchtp=a&ste=14&locID=txshracd2898
|z Connect to the full text of this electronic book
|t 0
|
| 999 |
|
|
|a MARS
|
| 999 |
f |
f |
|s 2f0ec6d0-d7a4-32b4-ad90-f040efea405f
|i a5c58266-6b07-3508-86a5-76ead723be99
|t 0
|
| 952 |
f |
f |
|a Texas A&M University
|b College Station
|c Electronic Resources
|d Available Online
|t 0
|h No information provided
|
| 998 |
f |
f |
|t 0
|l Available Online
|